100 triết gia tiêu biểu thế kỉ XX

Сохранить в:
Библиографические подробности
Главный автор: Stuart Brown
Другие авторы: Diane Collinson, Robert Wilkinson, Phan, Quang Định (biên dịch)
Формат:
Язык:Vietnamese
Опубликовано: Hà Nội Lao động Xã Hội 2016
Предметы:
Метки: Добавить метку
Нет меток, Требуется 1-ая метка записи!
Thư viện lưu trữ: Trung tâm Học liệu Lê Vũ Hùng, Trường Đại học Đồng Tháp
LEADER 00872aam a22002658a 4500
001 00040778
005 20180122100148.0
008 120403s2007 ||||||viesd
020 # # |c 130000 
041 0 # |a vie 
082 1 4 |a 190  |b M458T 
100 1 # |a Stuart Brown 
245 1 0 |a 100 triết gia tiêu biểu thế kỉ XX  |c Stuart Brown; Diane Collinson; Robert Wilkinson; Phan Quang Định 
260 # # |a Hà Nội  |b Lao động Xã Hội  |c 2016 
300 # # |a 478 tr.  |c 24 cm. 
653 # # |a Triết gia 
653 # # |a triêt học hiện đại 
653 # # |a thế kí 
653 # # |a thế giới 
700 1 # |a Diane Collinson 
700 1 # |a Robert Wilkinson 
700 1 # |a Phan, Quang Định  |e biên dịch 
852 # # |j KD.0023218 
910 |d 22/01/2018 
980 # # |a Trung tâm Học liệu Lê Vũ Hùng, Trường Đại học Đồng Tháp